[Event "LTU-ch Men 2019"]
[Site "Vilnius"]
[Date "2019.03.19"]
[Round "7.10"]
[White "Steponavicius, Stasys"]
[Black "Indriunas, Matas"]
[Result "0-1"]
[WhiteElo "2194"]
[BlackElo "1908"]
[Annotator "NA"]
[PlyCount "72"]
[EventDate "2019.??.??"]
[EventCountry "LTU"]
[SourceTitle "playchess.com"]
[Source "ChessBase"]
[SourceQuality "1"]
[TimeControl "5400+30"]

1. d4 {[%emt 0:00:00]} Nf6 {[%emt 0:00:00]} 2. c4 {[%emt 0:00:00]} g6 {[%emt 0:00:00]} 3. Nc3 {[%emt 0:00:00]} Bg7 {[%emt 0:00:00]} 4. e4 {[%emt 0:00:00]} d6 {[%emt 0:00:00]} 5. Be2 {[%emt 0:00:37]} O-O {[%emt 0:00:07]} 6. Bg5 {[%emt 0:00:51]} h6 {[%emt 0:00:25]} 7. Be3 {[%emt 0:00:06]} e5 {[%emt 0:00:08]} 8. d5 {[%emt 0:00:19]} Nbd7 {[%emt 0:00:10]} 9. g4 {[%emt 0:03:39]} Nc5 {[%emt 0:06:31]} 10. f3 {[%emt 0:00:26]} a5 {[%emt 0:05:22]} 11. h4 {[%emt 0:00:23]} h5 {[%emt 0:03:29]} 12. Bg5 {[%emt 0:08:47]} hxg4 {[%emt 0:09:10]} 13. fxg4 {[%emt 0:03:57]} Qd7 {[%emt 0:03:43]} 14. Bxf6 {[%emt 0:02:01]} Bxf6 {[%emt 0:00:23]} 15. Qd2 {[%emt 0:00:41]} Qd8 {[%emt 0:16:17]} 16. g5 {[%emt 0:01:12]} Be7 {[%emt 0:00:42]} 17. O-O-O {[%emt 0:00:58]} Kg7 {[%emt 0:00:49]} 18. Nf3 {[%emt 0:05:14]} Rh8 {[%emt 0:03:02]} 19. Rdg1 {[%emt 0:00:28]} c6 {[%emt 0:09:48]} 20. Qe3 {[%emt 0:10:54]} a4 {[%emt 0:05:55]} 21. Nd2 {[%emt 0:01:59]} Bd7 {[%emt 0:01:29]} 22. Qf3 {[%emt 0:04:44]} Qa5 {[%emt 0:01:58]} 23. Rf1 {[%emt 0:03:06]} Raf8 {[%emt 0:00:31]} 24. Qg3 {[%emt 0:09:14]} Rh7 {[%emt 0:06:54]} 25. Rf3 {[%emt 0:03:49]} a3 {[%emt 0:08:45]} 26. b3 {[%emt 0:01:03]} Rfh8 {[%emt 0:00:12]} 27. Rff1 {[%emt 0:08:48]} Bxg5 {[%emt 0:00:50]} 28. Qxg5 {[%emt 0:13:14]} Qxc3+ {[%emt 0:00:17]} 29. Kd1 {[%emt 0:00:04]} Qa1+ {[%emt 0:01:58]} 30. Kc2 {[%emt 0:00:16]} Qxa2+ {[%emt 0:01:33]} 31. Kd1 {[%emt 0:00:37]} Qa1+ {[%emt 0:00:33]} 32. Kc2 {[%emt 0:00:56]} Qb2+ {[%emt 0:00:27]} 33. Kd1 {[%emt 0:00:04]} a2 {[%emt 0:03:24]} 34. Qf6+ {[%emt 0:03:23]} Kf8 {[%emt 0:00:11]} 35. Qd8+ {[%emt 0:04:38]} Be8 {[%emt 0:00:05]} 36. Qxd6+ {[%emt 0:00:07]} Kg8 {[%emt 0:00:06]} 0-1

[Event "LTU-ch Men 2019"]
[Site "Vilnius"]
[Date "2019.03.19"]
[Round "7.11"]
[White "Juksta, Karolis"]
[Black "Paulauskas, Andrius"]
[Result "1-0"]
[WhiteElo "2281"]
[BlackElo "1867"]
[Annotator "NA"]
[PlyCount "83"]
[EventDate "2019.??.??"]
[EventCountry "LTU"]
[SourceTitle "playchess.com"]
[Source "ChessBase"]
[SourceQuality "1"]
[TimeControl "5400+30"]

1. d4 {[%emt 0:00:00]} b6 {[%emt 0:02:27]} 2. e4 {[%emt 0:00:08]} Bb7 {[%emt 0:00:08]} 3. Bd3 {[%emt 0:00:58]} e6 {[%emt 0:00:17]} 4. c4 {[%emt 0:10:38]} d5 {[%emt 0:01:23]} (4... Nc6 5. Nf3 Nb4 6. O-O Nxd3 7. Qxd3 d6 8. Nc3 Nf6 9. d5 Ba6 10. Qc2 Bb7 11. Qa4+ Qd7 12. Nb5 c6 13. dxc6 Bxc6 {0-1 (52) Holt,C (2548)-Nakamura,H (2749) chess.com INT 2019}) 5. cxd5 {[%emt 0:06:26]} exd5 {[%emt 0:00:22]} 6. e5 {[%emt 0:00:23] A40: Unusual replies to 1 d4} c5 {[%emt 0:00:33]} 7. f4 {[%emt 0:06:42]} Nc6 {[%emt 0:00:59]} 8. Nf3 {[%emt 0:00:26]} Qc7 $146 {[%emt 0:01:11]} ({Predecessor:} 8... cxd4 9. O-O Be7 10. f5 f6 11. Qe2 fxe5 12. Nxe5 Nxe5 13. Qxe5 {0-1 (34) Mortensen,R (1941)-Nielsen,R (2340) Runavik 2017}) 9. O-O {[%emt 0:04:15]} c4 {[%emt 0:02:22]} 10. Bc2 {[%emt 0:01:08]} O-O-O {[%emt 0:00:08]} 11. Nc3 {[%emt 0:02:06]} a6 {[%emt 0:00:14]} 12. Kh1 {[%emt 0:03:32]} f6 {[%emt 0:07:36]} 13. Ne2 {[%emt 0:03:29]} Kb8 {[%emt 0:02:18]} 14. Be3 {[%emt 0:06:00]} Ka7 {[%emt 0:01:54]} 15. a3 {[%emt 0:07:36]} g6 {[%emt 0:10:39]} 16. Qd2 {[%emt 0:05:52]} h5 {[%emt 0:03:19]} 17. Nh4 {[%emt 0:09:25]} Nce7 {[%emt 0:06:14]} 18. Bxg6 {[%emt 0:02:34]} Bc8 {[%emt 0:01:41]} 19. Bc2 {[%emt 0:00:38]} Bg7 {[%emt 0:04:30]} 20. Ng3 {[%emt 0:03:22]} Nh6 {[%emt 0:03:56]} 21. Rae1 {[%emt 0:01:39]} Rdg8 {[%emt 0:02:52]} 22. Bg1 {[%emt 0:00:39]} Ng4 {[%emt 0:03:56]} 23. Ngf5 {[%emt 0:01:46]} Nxf5 {[%emt 0:02:28]} 24. Bxf5 {[%emt 0:00:56]} Bxf5 {[%emt 0:03:37]} 25. Nxf5 {[%emt 0:00:02]} Nh6 {[%emt 0:03:02]} 26. Ne3 {[%emt 0:03:37]} Rd8 {[%emt 0:00:44]} 27. Rc1 {[%emt 0:00:53]} Qd7 {[%emt 0:01:50]} 28. b3 {[%emt 0:03:16]} b5 {[%emt 0:00:16]} 29. a4 {[%emt 0:00:45]} cxb3 {[%emt 0:02:29]} 30. axb5 {[%emt 0:01:37]} Qxb5 {[%emt 0:04:50]} 31. Rc7+ {[%emt 0:00:44]} Ka8 {[%emt 0:00:07]} 32. Rc5 {[%emt 0:06:06]} Qb7 {[%emt 0:00:46]} 33. Ra1 {[%emt 0:01:13]} Rhe8 {[%emt 0:08:12]} 34. Qa5 {[%emt 0:03:18]} b2 {[%emt 0:00:37]} 35. Rb1 {[%emt 0:00:04]} Bf8 {[%emt 0:01:00]} 36. Rc2 {[%emt 0:01:22]} Bb4 {[%emt 0:01:18]} 37. Qa4 {[%emt 0:00:21]} Qb5 {[%emt 0:07:12]} 38. Qxb5 {[%emt 0:00:16]} axb5 {[%emt 0:00:05]} 39. Rcxb2 {[%emt 0:01:04]} Bc3 {[%emt 0:00:36]} 40. Rxb5 {[%emt 0:00:08]} Rb8 {[%emt 0:00:31]} 41. Nxd5 $18 {[%emt 0:00:13] Double Attack} Rxb5 {[%emt 0:00:11]} 42. Rxb5 {[%emt 0:00:08]} 1-0

[Event "LTU-ch Men 2019"]
[Site "Vilnius"]
[Date "2019.03.19"]
[Round "7.12"]
[White "Narmontas, Raimondas"]
[Black "Pluta, Paulius"]
[Result "0-1"]
[WhiteElo "2019"]
[BlackElo "1846"]
[Annotator "NA"]
[PlyCount "66"]
[EventDate "2019.??.??"]
[EventCountry "LTU"]
[SourceTitle "playchess.com"]
[Source "ChessBase"]
[SourceQuality "1"]
[TimeControl "5400+30"]

1. d4 {[%emt 0:00:00]} e6 {[%emt 0:00:00]} 2. Nc3 {[%emt 0:00:00]} Nf6 {[%emt 0:01:10]} 3. Bg5 {[%emt 0:00:52]} d5 {[%emt 0:01:07]} 4. Nf3 {[%emt 0:00:40]} Be7 {[%emt 0:00:12]} 5. e3 {[%emt 0:01:12]} O-O {[%emt 0:01:13]} 6. Ne5 {[%emt 0:02:09]} Ne4 {[%emt 0:08:53]} 7. Bxe7 {[%emt 0:07:22]} Qxe7 {[%emt 0:00:09]} 8. Bd3 {[%emt 0:00:15]} Nxc3 {[%emt 0:02:47]} 9. bxc3 {[%emt 0:00:56]} c5 {[%emt 0:00:04]} 10. Qh5 {[%emt 0:00:23]} h6 {[%emt 0:01:48]} 11. h4 {[%emt 0:07:32]} c4 {[%emt 0:00:10]} 12. Be2 {[%emt 0:00:45]} Nd7 {[%emt 0:00:51]} 13. Nxd7 {[%emt 0:07:08]} Bxd7 {[%emt 0:00:07]} 14. Rh3 {[%emt 0:01:02]} Qa3 {[%emt 0:01:53]} 15. Kd2 {[%emt 0:00:47]} b5 {[%emt 0:05:40]} 16. g4 {[%emt 0:01:38]} b4 {[%emt 0:03:05]} 17. e4 {[%emt 0:00:05]} b3 {[%emt 0:02:03]} 18. g5 {[%emt 0:04:52]} Qb2 {[%emt 0:00:27]} 19. Rc1 {[%emt 0:00:17]} bxa2 {[%emt 0:00:42]} 20. gxh6 {[%emt 0:00:29]} Qxc1+ {[%emt 0:00:21]} 21. Kxc1 {[%emt 0:00:01]} a1=Q+ {[%emt 0:00:10]} 22. Kd2 {[%emt 0:00:01]} g6 {[%emt 0:00:12]} 23. Rg3 {[%emt 0:00:02]} Kh7 {[%emt 0:01:20]} 24. Qe5 {[%emt 0:01:11]} Rg8 {[%emt 0:03:51]} 25. Qf6 {[%emt 0:14:01]} Raf8 {[%emt 0:02:21]} 26. Qe7 {[%emt 0:02:50]} Be8 {[%emt 0:13:52]} 27. h5 {[%emt 0:00:50]} gxh5 {[%emt 0:00:28]} 28. Rg7+ {[%emt 0:08:32]} Rxg7 {[%emt 0:00:16]} 29. hxg7 {[%emt 0:00:05]} Rg8 {[%emt 0:00:57]} 30. exd5 {[%emt 0:00:06]} exd5 {[%emt 0:01:32]} 31. Qg5 {[%emt 0:07:48]} Qh1 {[%emt 0:02:14]} 32. Bxh5 {[%emt 0:00:26]} Rxg7 {[%emt 0:00:12]} 33. Qf5+ {[%emt 0:00:08]} Kg8 {[%emt 0:00:44]} 0-1

[Event "LTU-ch Men 2019"]
[Site "Vilnius"]
[Date "2019.03.19"]
[Round "7.13"]
[White "Butvilas, Aistis"]
[Black "Macionis, Zigmas"]
[Result "1-0"]
[WhiteElo "1983"]
[BlackElo "1784"]
[Annotator "NA"]
[PlyCount "101"]
[EventDate "2019.??.??"]
[EventCountry "LTU"]
[SourceTitle "playchess.com"]
[Source "ChessBase"]
[SourceQuality "1"]
[TimeControl "5400+30"]

1. d4 {[%emt 0:00:00]} Nf6 {[%emt 0:00:00]} 2. c4 {[%emt 0:00:00]} e6 {[%emt 0:00:00]} 3. Nf3 {[%emt 0:00:00]} b6 {[%emt 0:00:25]} 4. g3 {[%emt 0:00:23]} Bb7 {[%emt 0:00:20]} 5. Bg2 {[%emt 0:00:10]} Bb4+ {[%emt 0:00:11]} 6. Bd2 {[%emt 0:05:28]} Be7 {[%emt 0:00:10]} 7. Nc3 {[%emt 0:00:43]} O-O {[%emt 0:00:15]} 8. O-O {[%emt 0:00:38]} d5 {[%emt 0:02:56]} 9. cxd5 {[%emt 0:04:23]} exd5 {[%emt 0:00:11]} 10. Rc1 {[%emt 0:03:37]} c6 {[%emt 0:00:26]} 11. a3 {[%emt 0:04:22]} Nbd7 {[%emt 0:00:53]} 12. Bf4 {[%emt 0:03:57]} Re8 {[%emt 0:01:32]} 13. b4 {[%emt 0:07:16]} a5 {[%emt 0:05:26]} 14. Qb3 {[%emt 0:02:44]} axb4 {[%emt 0:05:59]} 15. axb4 {[%emt 0:00:37]} Bf8 {[%emt 0:02:04]} 16. Rfe1 {[%emt 0:03:57]} Qe7 {[%emt 0:00:33]} 17. Rb1 {[%emt 0:01:52]} h6 {[%emt 0:01:08]} 18. Ne5 {[%emt 0:17:17]} b5 {[%emt 0:05:44]} 19. Nd3 {[%emt 0:11:47]} g5 {[%emt 0:10:49]} 20. Bc1 {[%emt 0:12:01]} Ne4 {[%emt 0:01:00]} 21. Nxe4 {[%emt 0:02:29]} dxe4 {[%emt 0:00:20]} 22. Nc5 {[%emt 0:00:04]} Nxc5 {[%emt 0:01:06]} 23. dxc5 {[%emt 0:01:32]} Bc8 {[%emt 0:01:03]} 24. Bb2 {[%emt 0:00:44]} Bg7 {[%emt 0:02:04]} 25. Bxg7 {[%emt 0:00:25]} Kxg7 {[%emt 0:00:10]} 26. Ra1 {[%emt 0:00:37]} Bf5 {[%emt 0:01:53]} 27. Qc3+ {[%emt 0:00:37]} Kg8 {[%emt 0:01:09]} 28. Rxa8 {[%emt 0:11:56]} Rxa8 {[%emt 0:00:14]} 29. Rd1 {[%emt 0:03:06]} Rd8 {[%emt 0:02:58]} 30. Rxd8+ {[%emt 0:01:08]} Qxd8 {[%emt 0:00:11]} 31. f3 {[%emt 0:00:44]} exf3 {[%emt 0:09:39]} 32. Bxf3 {[%emt 0:00:05]} Qd1+ {[%emt 0:02:15]} 33. Kf2 {[%emt 0:00:12]} Qd7 {[%emt 0:01:51]} 34. Qf6 {[%emt 0:00:52]} Be6 {[%emt 0:00:49]} 35. Qxh6 {[%emt 0:01:02]} Qd4+ {[%emt 0:00:21]} 36. Kg2 {[%emt 0:00:10]} g4 {[%emt 0:00:41]} 37. Qg5+ {[%emt 0:00:21]} Kh7 {[%emt 0:00:51]} 38. Bxc6 {[%emt 0:00:29]} Qxb4 {[%emt 0:00:23]} 39. Qe3 {[%emt 0:00:49]} Qc4 {[%emt 0:00:44]} 40. Qe4+ {[%emt 0:00:31]} Qxe4+ {[%emt 0:01:46]} 41. Bxe4+ {[%emt 0:00:05]} Kg7 {[%emt 0:00:14]} 42. Kf2 {[%emt 0:00:30]} Kf6 {[%emt 0:00:17]} 43. Ke3 {[%emt 0:01:06]} Ke5 {[%emt 0:00:20]} 44. c6 {[%emt 0:00:29]} f5 {[%emt 0:00:41]} 45. Bg2 {[%emt 0:00:32]} b4 {[%emt 0:00:28]} 46. Kd3 {[%emt 0:00:30]} f4 {[%emt 0:01:32]} 47. gxf4+ {[%emt 0:00:02]} Kxf4 {[%emt 0:00:13]} 48. c7 {[%emt 0:00:24]} b3 {[%emt 0:00:55]} 49. e3+ {[%emt 0:00:22]} Ke5 {[%emt 0:00:14]} 50. Bb7 {[%emt 0:00:48]} b2 {[%emt 0:00:39]} 51. Kc2 {[%emt 0:00:07] Kd5} 1-0

[Event "LTU-ch Men 2019"]
[Site "Vilnius"]
[Date "2019.03.19"]
[Round "7.14"]
[White "Slusnys, Evaldas"]
[Black "Bagvilas, Lukas"]
[Result "0-1"]
[WhiteElo "1849"]
[BlackElo "1973"]
[Annotator "NA"]
[PlyCount "124"]
[EventDate "2019.??.??"]
[EventCountry "LTU"]
[SourceTitle "playchess.com"]
[Source "ChessBase"]
[SourceQuality "1"]
[TimeControl "5400+30"]

1. e4 {[%emt 0:00:00]} c5 {[%emt 0:00:00]} 2. Nf3 {[%emt 0:00:00]} e6 {[%emt 0:00:00]} 3. d3 {[%emt 0:00:11]} Nc6 {[%emt 0:00:00]} 4. g3 {[%emt 0:00:19]} g6 {[%emt 0:00:00]} 5. Bg2 {[%emt 0:00:48]} Bg7 {[%emt 0:00:02]} 6. O-O {[%emt 0:00:36]} Nge7 {[%emt 0:00:03]} 7. c3 {[%emt 0:00:20]} O-O {[%emt 0:00:12]} 8. Be3 {[%emt 0:01:22]} b6 {[%emt 0:00:04]} 9. d4 {[%emt 0:02:39]} d6 {[%emt 0:00:17] A04: Unusual lines after 1 Nf3 and King's Indian Attack} (9... cxd4 10. Nxd4 Ba6 11. Re1 Ne5 12. Na3 d5 13. Bg5 dxe4 14. Bxe4 Qd7 15. f4 Nd3 16. Bxd3 Bxd4+ 17. Kf1 {1-0 (55) Kamsky,G (2746)-Bartel,M (2654) Istanbul 2012}) 10. Qd2 {[%emt 0:01:03]} Re8 {[%emt 0:07:42]} 11. Re1 {[%emt 0:02:16]} Bb7 {[%emt 0:00:27]} 12. Bh6 $146 {[%emt 0:02:45]} ({Predecessor:} 12. Na3 cxd4 13. cxd4 d5 14. e5 a6 15. Bg5 Qd7 16. g4 Kh8 17. Bh6 Ng8 18. Bxg7+ Kxg7 {1-0 (38) Bakhtadze,G (2365)-Cederqvist,N Yerevan 1997}) 12... Bh8 {[%emt 0:00:50]} 13. Bg5 {[%emt 0:03:40]} Qc7 {[%emt 0:02:23]} 14. Na3 {[%emt 0:00:46]} a6 {[%emt 0:00:06]} 15. Rad1 {[%emt 0:03:32]} Rad8 {[%emt 0:01:43]} 16. Nc2 {[%emt 0:02:36]} Na5 {[%emt 0:06:48]} 17. Qf4 {[%emt 0:12:07]} cxd4 {[%emt 0:00:58]} 18. Bf6 {[%emt 0:01:27]} e5 {[%emt 0:04:27]} 19. Qh4 {[%emt 0:00:28]} Bg7 {[%emt 0:02:29]} 20. cxd4 {[%emt 0:11:09]} Qxc2 {[%emt 0:16:43]} 21. Bxe7 {[%emt 0:00:48]} Rd7 {[%emt 0:02:21]} 22. Rd2 {[%emt 0:02:12]} Qc4 {[%emt 0:12:06]} 23. b3 {[%emt 0:06:17]} Qc3 {[%emt 0:07:28]} 24. Bf6 {[%emt 0:06:00]} exd4 {[%emt 0:04:53]} 25. Bxd4 {[%emt 0:13:17]} Bxd4 {[%emt 0:04:11]} 26. Rxd4 {[%emt 0:00:08]} f5 {[%emt 0:05:41]} 27. Red1 {[%emt 0:14:38]} fxe4 {[%emt 0:05:04]} 28. Ng5 {[%emt 0:01:20]} e3 {[%emt 0:03:51]} 29. Bxb7 {[%emt 0:01:46]} exf2+ {[%emt 0:00:06]} 30. Kxf2 {[%emt 0:00:27]} Nxb7 {[%emt 0:00:12]} 31. R4d3 {[%emt 0:02:45]} Qe5 {[%emt 0:00:49]} 32. Qc4+ {[%emt 0:01:05]} Kg7 {[%emt 0:01:20]} 33. Rd5 $17 {[%emt 0:02:50]} Qe3+ {[%emt 0:00:19]} 34. Kg2 {[%emt 0:00:29]} h6 {[%emt 0:01:43]} 35. Nf3 {[%emt 0:01:00]} Qe2+ {[%emt 0:00:24]} 36. Qxe2 {[%emt 0:00:02]} Rxe2+ {[%emt 0:00:02]} 37. Kh3 {[%emt 0:00:53]} Rxa2 {[%emt 0:01:08]} 38. Ne5 {[%emt 0:00:08]} Re7 {[%emt 0:00:16]} 39. Nc4 {[%emt 0:00:15]} Ree2 {[%emt 0:03:41]} 40. Nxd6 {[%emt 0:00:54]} Rxh2+ {[%emt 0:00:06]} 41. Kg4 {[%emt 0:00:05]} Nc5 {[%emt 0:00:32]} 42. b4 {[%emt 0:01:08]} h5+ {[%emt 0:00:06]} 43. Kf4 {[%emt 0:01:38]} Rhf2+ {[%emt 0:01:07]} 44. Ke3 {[%emt 0:01:58]} Rfe2+ {[%emt 0:00:07]} 45. Kf3 {[%emt 0:00:35]} Rf2+ {[%emt 0:00:06]} 46. Ke3 {[%emt 0:00:09]} Rae2+ {[%emt 0:00:06]} 47. Kd4 {[%emt 0:00:06]} Rd2+ {[%emt 0:05:46]} 48. Ke3 {[%emt 0:00:26]} Rfe2+ {[%emt 0:01:36]} 49. Kf3 {[%emt 0:00:19]} Nb3 {[%emt 0:00:23]} 50. Nc4 {[%emt 0:01:44]} Rf2+ {[%emt 0:01:17]} 51. Ke3 {[%emt 0:00:15]} Rde2+ {[%emt 0:00:44]} 52. Kd3 {[%emt 0:00:02]} b5 {[%emt 0:00:09]} 53. Ne5 {[%emt 0:01:56]} Rd2+ {[%emt 0:00:39]} 54. Kc3 {[%emt 0:00:07]} Kf6 {[%emt 0:02:25]} 55. Kxb3 {[%emt 0:00:38]} Rxd1 {[%emt 0:00:45]} 56. Nd7+ {[%emt 0:00:07]} Ke7 {[%emt 0:00:18]} 57. Rxd1 {[%emt 0:00:09]} Rf3+ {[%emt 0:00:10]} 58. Kc2 {[%emt 0:00:20]} Rxg3 {[%emt 0:00:06]} 59. Nc5 {[%emt 0:00:22]} h4 {[%emt 0:00:13]} 60. Rd7+ {[%emt 0:01:01]} Kf8 {[%emt 0:01:41]} 61. Rh7 {[%emt 0:00:57]} h3 {[%emt 0:00:15]} 62. Nxa6 {[%emt 0:00:59]} Kg8 {[%emt 0:00:02]} 0-1

[Event "LTU-ch Men 2019"]
[Site "Vilnius"]
[Date "2019.03.20"]
[Round "8.1"]
[White "Laurusas, Tomas"]
[Black "Chocenka, Dmitrijus"]
[Result "1-0"]
[WhiteElo "2495"]
[BlackElo "2287"]
[Annotator "TA"]
[PlyCount "61"]
[EventDate "2019.??.??"]
[EventCountry "LTU"]
[SourceTitle "playchess.com"]
[Source "ChessBase"]
[SourceQuality "1"]

{[%evp 19,61,46,56,35,83,76,85,74,82,79,83,71,87,0,89,65,66,60,63,31,137,145,222,202,228,-110,312,301,242,160,300,274,259,289,864,854,839,787,794,789,29998,2469,29998,29998]} 1. d4 d6 2. c4 Nf6 3. Nc3 c6 4. g3 Qc7 5. Bg2 e5 6. e3 Be7 7. Nge2 O-O 8. O-O Nbd7 9. b3 Re8 10. Bb2 Nf8 11. Qc2 {A53: Old Indian Defence without Nf3} exd4 12. Nxd4 Ne6 $146 ({Predecessor:} 12... Qa5 13. e4 g6 14. Rad1 a6 15. Rfe1 Qh5 16. f3 Bh3 17. Nce2 Bxg2 18. Kxg2 Rac8 {1-0 (28) Kuzmicz,K (2485)-Velickovski Nejkovic,M (2061) Skopje 2015}) 13. Nf5 {White is better.} Bf8 14. Ne2 Nd7 15. Qc3 Nf6 16. Qc2 Nd7 $1 17. Rad1 g6 18. Nh4 a5 19. f4 {Threatens to win with f5.} Qb6 {[#]} (19... Bg7 $14) 20. f5 $1 $36 {[%mdl 2048] Hoping for Kh1. Black is under strong pressure.} ({Stronger than} 20. Qc3 Bg7 $15) 20... Qxe3+ (20... Ng7 $16 {was necessary.}) 21. Rf2 $18 Ng7 {With the idea ...Ne5.} 22. f6 $2 (22. fxg6 $18 fxg6 23. Nf4 (23. Bd4 Qh6 $11)) 22... Nf5 $2 {[%mdl 8192]} (22... Ne6 $17 {and life is bright.} 23. Nd4 Ne5 24. Nxe6 Bxe6) 23. Nxf5 gxf5 24. Nd4 {Strongly threatening Bc1.} ({Weaker is} 24. Qxf5 Ne5 $17) 24... Nc5 (24... Qg5 $16) 25. Nxf5 Bxf5 26. Qxf5 Qe6 $2 (26... h6 27. Bc1 Qe5) 27. Qg5+ Kh8 28. Qh5 Qe3 29. Qxf7 {Intending Qg8+! and mate.} Nd3 {[#]} 30. Rxd3 (30. Qg8+ $142 $1 {[%mdl 512]} Kxg8 31. f7#) 30... Qxd3 {[#]} 31. Qxf8+ $1 {[%mdl 576] Clearance. Accuracy: White = 52%, Black = 27%.} 1-0

[Event "LTU-ch Men 2019"]
[Site "Vilnius"]
[Date "2019.03.20"]
[Round "8.2"]
[White "Brazdzionis, Andrius"]
[Black "Valantiejus, Vaidotas"]
[Result "1-0"]
[WhiteElo "2311"]
[BlackElo "2048"]
[Annotator "TA"]
[PlyCount "53"]
[EventDate "2019.??.??"]
[EventCountry "LTU"]
[SourceTitle "playchess.com"]
[Source "ChessBase"]
[SourceQuality "1"]

{[%evp 18,53,2,0,0,0,0,0,0,7,33,24,56,46,39,49,168,165,216,148,158,140,147,150,187,137,156,148,149,156,144,139,148,130,334,334,351,345]} 1. c4 c6 2. Nf3 d5 3. d4 Nf6 4. Qc2 dxc4 5. Qxc4 Bg4 6. Ne5 {D23: Queen's Gambit Accepted: 3 Nf3 Nf6 sidelines} (6. Nbd2 Nbd7 7. g3 e6 8. Bg2 Be7 9. O-O O-O 10. Qb3 Qb6 11. Nc4 Qa6 12. Bd2 Nb6 13. Rfc1 Nxc4 14. Qxc4 Qxc4 15. Rxc4 {1-0 (44) Mamedyarov,S (2817)-Hovhannisyan,R (2637) St Petersburg 2018}) 6... Be6 7. Qd3 Nbd7 8. Nf3 Bg4 {[%cal Be6g4,Bg4h5,Bh5g6][%mdl 32]} 9. Nc3 e6 10. g3 {LiveBook: 3 Games} Be7 11. Bg2 O-O 12. O-O Bh5 $146 ({Predecessor:} 12... Rc8 13. Rd1 Qa5 {0-1 (34) Ivanov,B (2227)-Predojevic,B (2600) Zadar 2012}) 13. Rd1 Bg6 14. e4 Nd5 15. Qe2 Nxc3 16. bxc3 Nf6 (16... c5 $14) 17. Ne5 $18 Nd7 (17... Rc8 $142 18. Nxg6 hxg6) 18. Nxg6 hxg6 19. Rb1 Qc8 20. e5 Rd8 21. c4 Nb6 22. Be3 Qc7 {[#]} 23. f4 $1 Rd7 24. Qc2 Rad8 25. a4 a5 $2 (25... Nc8 $16) 26. d5 $1 {[%cal Bd4d5,Bd5d6][%mdl 32]} Nxc4 27. d6 {Precision: White = 78%, Black = 34%.} ({Don't take} 27. Qxc4 exd5 28. Qd4 Bb4 $18) 1-0

[Event "LTU-ch Men 2019"]
[Site "Vilnius"]
[Date "2019.03.20"]
[Round "8.3"]
[White "Juknis, Paulius"]
[Black "Malisauskas, Vidmantas"]
[Result "1/2-1/2"]
[WhiteElo "2219"]
[BlackElo "2451"]
[Annotator "TA"]
[PlyCount "50"]
[EventDate "2019.??.??"]
[EventCountry "LTU"]
[SourceTitle "playchess.com"]
[Source "ChessBase"]
[SourceQuality "1"]

{[%evp 10,50,25,13,48,49,50,45,51,38,34,37,120,131,153,137,123,123,124,124,130,78,75,63,64,22,43,50,50,33,46,68,83,29,49,55,56,47,54,58,80,65,103]} 1. e4 c5 2. Nf3 Nc6 3. Bb5 g6 4. O-O Bg7 5. Re1 e5 6. c3 {LiveBook: 179 Games. B31: Sicilian: 2...Nc6 3 Bb5 g6} (6. b4 Nxb4 7. Bb2 a6 8. a3 axb5 9. axb4 Rxa1 10. Bxa1 d6 11. bxc5 Ne7 12. Qe2 b4 13. Qc4 Qa5 14. cxd6 Be6 {½-½ (34) Caruana,F (2832)-Carlsen,M (2835) London 2018}) 6... a6 7. Bxc6 dxc6 8. d3 b6 9. a4 $146 ({Predecessor:} 9. Be3 Ne7 10. Qc2 O-O 11. Nbd2 Qc7 12. a4 a5 13. d4 cxd4 14. cxd4 exd4 15. Bxd4 Bxd4 16. Nxd4 Rd8 17. N2f3 c5 18. Rad1 {½-½ (18) Johansen,S-Dietrich,S IECG email 1999}) 9... a5 10. Na3 Ra7 (10... Ba6 $14) 11. Nc4 $16 Bg4 12. h3 Bxf3 13. Qxf3 ({Don't play} 13. gxf3 $6 Ne7 $14) 13... Rd7 14. Rd1 Ne7 15. Qe2 (15. Bg5 $142) 15... O-O 16. Be3 Nc8 17. b4 cxb4 18. cxb4 axb4 19. a5 {[%cal Ra5b6]} bxa5 20. Nxa5 Qc7 21. Bc5 ({White should try} 21. Qe1 $16) 21... Rfd8 22. Bxb4 Bf8 23. Bxf8 Kxf8 24. Qc2 Ne7 25. Nb3 Rc8 {Precision: White = 51%, Black = 43%.} 1/2-1/2

[Event "LTU-ch Men 2019"]
[Site "Vilnius"]
[Date "2019.03.20"]
[Round "8.4"]
[White "Stauskas, Lukas"]
[Black "Kalvaitis, Sigitas"]
[Result "0-1"]
[WhiteElo "2357"]
[BlackElo "2143"]
[Annotator "TA"]
[PlyCount "54"]
[EventDate "2019.??.??"]
[EventCountry "LTU"]
[SourceTitle "playchess.com"]
[Source "ChessBase"]
[SourceQuality "1"]

{[%evp 21,54,21,18,-33,-27,-30,4,-14,0,-50,-17,-58,-53,-122,-137,-129,-133,-132,-125,-158,-181,-164,-145,-194,-172,-383,-383,-383,-380,-368,-368,-351,-348,-326,-269]} 1. Nf3 Nf6 2. g3 g6 3. Bg2 Bg7 4. O-O O-O 5. c4 c5 6. Nc3 Nc6 7. d4 cxd4 8. Nxd4 Qa5 9. Nb3 Qh5 10. e4 Qxd1 11. Rxd1 d6 12. f4 {A39: Symmetrical English vs ...g6: 4 Bg2 Bg7 5 Nf3 Nf6 6 0-0 0-0 7 d4} (12. c5 $11) (12. Nd5 a5 13. a4 Nxd5 14. cxd5 Nb4 15. Bd2 Bg4 16. f3 Bd7 17. Bc3 Rfc8 18. Bxg7 Kxg7 19. Nd4 Nc2 20. Nxc2 Rxc2 {0-1 (40) Fridman,D (2647)-Bacrot,E (2712) Trzcianka 2015}) 12... Bg4 $15 13. Rd2 $146 ({Predecessor:} 13. Rf1 Rfc8 14. h3 Be6 15. Nd5 Bxd5 16. exd5 Nb4 17. Na5 Nd3 18. Rd1 Nxc1 19. Raxc1 Nh5 {½-½ (54) Baginskaite,C (2328)-Battsetseg,T (2241) Stillwater 2007}) 13... Be6 14. Nd5 {The position is equal.} Rac8 15. h3 h5 16. a3 Nd7 17. Re2 (17. Rd1 $15) 17... Nb6 $17 18. f5 gxf5 19. exf5 Bxf5 20. Nxe7+ Nxe7 21. Rxe7 Nxc4 (21... Rxc4 22. Na5 $17) 22. Rxb7 Rb8 ({Don't play} 22... Nxb2 23. Bf4 $17) 23. Bf4 $2 {[#]} (23. Rb4) 23... Rxb7 $19 24. Bxb7 Rb8 25. Bd5 Rxb3 26. Bxc4 Bd4+ ({Less strong is} 26... Rxb2 27. Rd1 $17) ({Not} 26... Bxb2 27. Bxb3 Bxa1 28. Kg2 $15) 27. Kf1 Rxb2 {Accuracy: White = 16%, Black = 64%.} 0-1